000 00389nam a22001337a 4500
003 SGT
020 _a8173153675
082 _a200
_bD99S
100 _aशर्मा, मनु
245 _aद्वारका की स्थापना:कृष्ण की आत्मकथा
260 _b प्रभात प्रकाशन
_c1999
300 _a413
942 _2ddc
_cBK
999 _c31668
_d31668